[Event "Isola d'Elba op 29th"]
[Site "Capoliveri "]
[Date "2011.05.14"]
[Round "9"]
[White "Schaefer, Michael"]
[Black "Evangelisti, Claudio"]
[Result "1/2-1/2"]
[WhiteElo "2248"]
[BlackElo "2243"]
[PlyCount "33"]
[EventDate "2011.05.07"]
[EventType "swiss"]
[EventRounds "9"]
[EventCountry "ITA"]
[SourceTitle "EXT 2014"]
[Source "ChessBase"]
[SourceDate "2013.11.20"]
[SourceVersion "1"]
[SourceVersionDate "2013.11.20"]
[SourceQuality "1"]

1. d4 Nf6 2. Nf3 e6 3. g3 c5 4. Bg2 Nc6 5. 0-0 cxd4 6. Nxd4 Bc5 7. Nxc6 dxc6 8. Qxd8+ Kxd8 9. Rd1+ Ke7 10. Nc3 e5 11. Bg5 Bf5 12. Ne4 Bxe4 13. Bxe4 Rae8 14. Rd3 h6 15. Bxf6+ Kxf6 16. Rad1 g6 17. Bg2 1/2-1/2

[Event "Isola d'Elba op 29th"]
[Site "Capoliveri "]
[Date "2011.05.10"]
[Round "5"]
[White "Blasco, Domenico"]
[Black "Evangelisti, Claudio"]
[Result "0-1"]
[WhiteElo "1939"]
[BlackElo "2243"]
[PlyCount "72"]
[EventDate "2011.05.07"]
[EventType "swiss"]
[EventRounds "9"]
[EventCountry "ITA"]
[SourceTitle "EXT 2014"]
[Source "ChessBase"]
[SourceDate "2013.11.20"]
[SourceVersion "1"]
[SourceVersionDate "2013.11.20"]
[SourceQuality "1"]

1. d4 Nf6 2. Nf3 e6 3. e3 b6 4. Bd3 Bb7 5. Nbd2 c5 6. 0-0 Nc6 7. b3 Qc7 8. a3 cxd4 9. exd4 Nxd4 10. Nxd4 Qc3 11. Nxe6 fxe6 12. Rb1 Qc6 13. Nf3 Bd6 14. Re1 0-0 15. Bb2 Bf4 16. Bxf6 Rxf6 17. Qe2 Qc7 18. Be4 d5 19. Bd3 Bd6 20. Ne5 Raf8 21. Ng4 e5 22. Nxf6+ Rxf6 23. Qh5 e4 24. Bf1 Bc6 25. g3 Bc5 26. Re2 b5 27. b4 Bb6 28. Rd1 g6 29. Qg5 Qf7 30. Qd2 d4 31. Bg2 Rf3 32. Bxf3 Qxf3 33. Rxe4 Bxe4 34. Kf1 Qh1+ 35. Ke2 Bf3+ 36. Kd3 Qxd1 0-1

[Event "Isola d'Elba op 29th"]
[Site "Capoliveri "]
[Date "2011.05.07"]
[Round "1"]
[White "Simeone, Giulio"]
[Black "Evangelisti, Claudio"]
[Result "0-1"]
[WhiteElo "1869"]
[BlackElo "2243"]
[PlyCount "72"]
[EventDate "2011.05.07"]
[EventType "swiss"]
[EventRounds "9"]
[EventCountry "ITA"]
[SourceTitle "EXT 2014"]
[Source "ChessBase"]
[SourceDate "2013.11.20"]
[SourceVersion "1"]
[SourceVersionDate "2013.11.20"]
[SourceQuality "1"]

1. c4 Nf6 2. Nc3 e6 3. e4 d5 4. e5 d4 5. exf6 dxc3 6. fxg7 cxd2+ 7. Bxd2 Bxg7 8. Qc2 Nc6 9. Nf3 e5 10. Bd3 Bg4 11. Be4 Bxf3 12. Bxf3 Nd4 13. Qe4 0-0 14. 0-0-0 Qf6 15. Bc3 Qa6 16. Kb1 Rab8 17. Be2 c5 18. Bd3 f5 19. Qd5+ Kh8 20. f3 b6 21. Bxd4 cxd4 22. g4 Rbd8 23. Qe6 Rde8 24. Qd5 e4 25. fxe4 fxe4 26. Bxe4 Re5 27. Qb7 Qxb7 28. Bxb7 Re2 29. Rde1 d3 30. Rxe2 dxe2 31. Bg2 Rf2 32. Bh3 Rxh2 33. Re1 Be5 34. Bf1 exf1Q 35. Rxf1 Rxb2+ 36. Kc1 Rxa2 0-1

[Event "Livorno op 5th"]
[Site "Livorno"]
[Date "2009.06.27"]
[Round "2"]
[White "Salerno, Francesco"]
[Black "Evangelisti, Claudio"]
[Result "0-1"]
[WhiteElo "2000"]
[BlackElo "2260"]
[PlyCount "38"]
[EventDate "2009.06.26"]
[EventType "swiss"]
[EventRounds "5"]
[EventCountry "ITA"]
[SourceTitle "EXT 2012"]
[Source "ChessBase"]
[SourceDate "2011.11.24"]
[SourceVersion "1"]
[SourceVersionDate "2011.11.24"]
[SourceQuality "1"]

1. d4 Nf6 2. c4 e6 3. Nf3 Bb4+ 4. Bd2 c5 5. g3 0-0 6. Bg2 b6 7. Bxb4 cxb4 8. Ne5 d5 9. 0-0 Bb7 10. Qa4 a5 11. Nd2 Ne4 12. Rfd1 Qe7 13. Rac1 f6 14. Nd3 Nxd2 15. Rxd2 dxc4 16. Rxc4 Bxg2 17. Kxg2 Qb7+ 18. f3 b5 19. Nc5 Qc6 0-1

[Event "Isola d'Elba op 27th"]
[Site "Capoliveri"]
[Date "2009.05.??"]
[Round "5"]
[White "Evangelisti, Claudio"]
[Black "Codenotti, Marco"]
[Result "1/2-1/2"]
[WhiteElo "2260"]
[BlackElo "2035"]
[PlyCount "40"]
[EventDate "2009.05.10"]
[EventType "swiss"]
[EventRounds "9"]
[EventCountry "ITA"]
[SourceTitle "EXT 2011"]
[Source "ChessBase"]
[SourceDate "2010.11.26"]
[SourceVersion "1"]
[SourceVersionDate "2010.11.26"]
[SourceQuality "1"]

1. c4 Nf6 2. Nf3 e6 3. d4 b6 4. Nc3 Bb7 5. Bg5 Bb4 6. e3 0-0 7. Bd3 c5 8. 0-0 Bxc3 9. bxc3 h6 10. Bh4 d6 11. Nd2 Nbd7 12. f4 Qc7 13. e4 e5 14. fxe5 dxe5 15. Bxf6 Nxf6 16. Rxf6 gxf6 17. Qg4+ Kh7 18. Qf5+ Kg7 19. Qg4+ Kh7 20. Qf5+ Kg7 1/2-1/2

[Event "Isola d'Elba op 26th"]
[Site "Isola d'Elba"]
[Date "2008.05.10"]
[Round "1"]
[White "Evangelisti, Claudio"]
[Black "Bini, Alessandro"]
[Result "1-0"]
[WhiteElo "2244"]
[BlackElo "2007"]
[PlyCount "87"]
[EventDate "2008.05.10"]
[EventType "swiss"]
[EventRounds "9"]
[EventCountry "ITA"]
[SourceTitle "CBM 124 Extra"]
[Source "ChessBase"]
[SourceDate "2008.07.03"]
[SourceVersion "1"]
[SourceVersionDate "2008.07.03"]
[SourceQuality "1"]

1. d4 g6 2. Nf3 Bg7 3. g3 d6 4. Bg2 Nf6 5. 0-0 0-0 6. Ne1 c5 7. dxc5 dxc5 8. Qxd8 Rxd8 9. Nd3 Na6 10. Na3 Nd5 11. c3 Rb8 12. Nb5 c4 13. Nf4 Nxf4 14. Bxf4 e5 15. Be3 Bg4 16. Rfd1 b6 17. Kf1 Rd7 18. Rxd7 Bxd7 19. Nxa7 Nc7 20. Rd1 Be8 21. Rd6 b5 22. Nc6 Bf8 23. Rd2 Ra8 24. a3 f6 25. Nxe5 fxe5 26. Bxa8 Nxa8 27. Rd8 Nc7 28. Bb6 Be7 29. Rc8 Kf7 30. Bxc7 e4 31. Rb8 h5 32. Bd8 Bd6 33. Rb7+ Ke6 34. Ke1 Bc6 35. Rh7 Bc5 36. Bg5 Be8 37. Kd2 Bf7 38. Be3 Bf8 39. h4 Bd6 40. Bd4 Be7 41. Rh8 g5 42. hxg5 Bxg5+ 43. Be3 Bf6 44. Rb8 1-0

[Event "Isola d'Elba op 26th"]
[Site "Isola d'Elba"]
[Date "2008.05.10"]
[Round "5"]
[White "Gromovs, Sergejs"]
[Black "Evangelisti, Claudio"]
[Result "1-0"]
[WhiteElo "2339"]
[BlackElo "2244"]
[PlyCount "89"]
[EventDate "2008.05.10"]
[EventType "swiss"]
[EventRounds "9"]
[EventCountry "ITA"]
[SourceTitle "CBM 124 Extra"]
[Source "ChessBase"]
[SourceDate "2008.07.03"]
[SourceVersion "1"]
[SourceVersionDate "2008.07.03"]
[SourceQuality "1"]

1. d4 Nf6 2. c4 e6 3. Nf3 Bb4+ 4. Nbd2 0-0 5. a3 Bxd2+ 6. Bxd2 Ne4 7. Bf4 d6 8. e3 b6 9. Bd3 Bb7 10. Qc2 f5 11. h4 Nd7 12. Ng5 Nxg5 13. Bxg5 Qe8 14. 0-0-0 c5 15. f3 d5 16. Kb1 b5 17. cxb5 c4 18. Be2 Nb6 19. a4 Nc8 20. e4 a6 21. exd5 exd5 22. Rde1 Qd7 23. b6 a5 24. Bd1 h6 25. Bf4 Nxb6 26. Re5 Bc6 27. Rhe1 Rf7 28. Qc3 Ra7 29. Re6 Rb7 30. Rd6 Qc8 31. Qxa5 c3 32. Re2 Rfd7 33. Rde6 Nc4 34. Qxc3 Rf7 35. Bc1 Bd7 36. Re7 Rxe7 37. Rxe7 f4 38. Bc2 Qf8 39. Re2 Na3+ 40. Ka2 Nxc2 41. Qxc2 Qb4 42. b3 Ra7 43. Ba3 Qb7 44. Re7 Ra8 45. Qg6 1-0

[Event "Rome Steinitz op 1st"]
[Site "Rome"]
[Date "2002.07.06"]
[Round "2"]
[White "Evangelisti, Claudio"]
[Black "Raccah, Ascer"]
[Result "1-0"]
[WhiteElo "1644"]
[BlackElo "1504"]
[PlyCount "117"]
[EventDate "2002.07.05"]
[EventType "swiss"]
[EventRounds "5"]
[EventCountry "ITA"]
[SourceTitle "EXT 2007"]
[Source "ChessBase"]
[SourceDate "2006.11.23"]
[SourceVersion "1"]
[SourceVersionDate "2006.11.23"]
[SourceQuality "1"]

1. e4 e5 2. Nf3 Nf6 3. Nxe5 d6 4. Nf3 Nxe4 5. d4 d5 6. Bd3 Be7 7. 0-0 0-0 8. Re1 f5 9. c4 Be6 10. Qb3 b6 11. Nc3 dxc4 12. Bxc4 Bxc4 13. Qxc4+ Kh8 14. Nxe4 fxe4 15. Rxe4 Nd7 16. Bd2 Nf6 17. Re2 Bd6 18. Rae1 Qd7 19. Ne5 Bxe5 20. dxe5 Qd5 21. Qxd5 Nxd5 22. Bg5 h6 23. Rd2 c6 24. Bh4 Rae8 25. Bg3 Re6 26. Rf1 g5 27. h3 Kg7 28. Bh2 Kg6 29. g3 Rxe5 30. Rc1 Rf6 31. Rdc2 Nb4 32. Rc4 Nd3 33. R1c2 Ne1 34. f4 gxf4 35. gxf4 Ree6 36. R2c3 Kf5 37. Kf2 Rg6 38. Bg3 h5 39. Kf1 Nc2 40. Bf2 Na1 41. Rc1 Nb3 42. axb3 b5 43. Rd4 Rg7 44. Rc5+ Kg6 45. Rg5+ Kh6 46. Rxg7 Kxg7 47. Rd7+ Kf6 48. Rxa7 Kf5 49. Rf7+ Rf6 50. Rxf6+ Kxf6 51. Kg2 Kf5 52. Kf3 Ke6 53. Ke4 Kd6 54. Kf5 c5 55. Kg6 c4 56. f5 Ke5 57. f6 Ke4 58. f7 Kf3 59. f8Q+ 1-0

[Event "Reggio Emilia-23 1980/81"]
[Site "Reggio Emilia"]
[Date "1980.12.29"]
[Round "3"]
[White "Evangelisti, Claudio"]
[Black "Taruffi, Daniele"]
[Result "1-0"]
[WhiteElo "2315"]
[BlackElo "2325"]
[PlyCount "103"]
[EventDate "1980.12.27"]
[EventType "tourn"]
[EventRounds "13"]
[EventCountry "ITA"]
[EventCategory "3"]
[SourceTitle "MCD"]
[Source "ChessBase"]
[SourceDate "1999.07.01"]
[SourceVersion "1"]
[SourceVersionDate "1999.07.01"]
[SourceQuality "1"]

1. d4 d5 2. c4 e6 3. Nf3 Nf6 4. Nc3 Nbd7 5. Bg5 c6 6. cxd5 exd5 7. e3 Be7 8. Bd3 h6 9. Bf4 Nf8 10. Qc2 Ne6 11. Be5 0-0 12. h3 a5 13. Ne2 Bb4+ 14. Kf1 Bd6 15. Rc1 Bxe5 16. Nxe5 Nd7 17. Nf3 Qf6 18. Qb3 Re8 19. Kg1 Ng5 20. Nxg5 hxg5 21. Ng3 g6 22. Qc2 Kg7 23. Nf1 Rh8 24. Nh2 Nf8 25. Be2 Bf5 26. Qb3 Qe7 27. Qc3 Nd7 28. f3 Nf6 29. Nf1 Qc7 30. Bd3 Be6 31. Qe1 Rh5 32. Qg3 Qb6 33. Rc2 Rah8 34. Rh2 Qb4 35. Qf2 Rh4 36. Rc3 Qa4 37. a3 Bf5 38. Be2 Re8 39. g4 Bd7 40. Qg3 Rh7 41. Qd6 b5 42. b3 b4 43. bxa4 bxc3 44. Qc5 Rb8 45. Qxc3 Rhh8 46. Qc2 Rb6 47. Bd3 Rhb8 48. Qc1 Rb3 49. Rd2 Ne8 50. Kf2 f5 51. Nh2 Nd6 52. Qc5 1-0